1372 1492 1326 1195 1689 1009 1893 1490 1517 1396 1847 1120 1098 1032 1073 1255 1365 1114 1431 1835 1136 1278 1163 1920 1512 1278 1204 1149 1304 1055 1046 1825 1057 1102 1248 1608 1781 1413 1654 1624 1649 1525 1301 1157 1857 1984 1522 1315 1746 1067 1355 1378 1560 1079 1124 1380 1607 1627 1580 1513 1996 1340 1303 1097 1073 1043 1839 1565 1214 1613 1348 1112 1899 1863 1522 1917 1872 1035 1912 1225 1296 1414 1691 1534 1623 1244 1140 1927 1094 1519 1165 1134 1692 1213 1303 1589 1708 1735 1981 BCNSPRNW ULIB Ver.6.0+V

เปลี่ยนเป็นภาษาไทย

Change to English
 แสดงรายละเอียดบรรณานุกรม
  กลับหน้าหลัก

Brief Record : Get Marc (ISO 2709) : E-mail record : QR code < ปิดหน้าต่าง
LEADER : 00000nam 2200000uu 4500
001    13399112573
003     ULIB
008    110825s2549||||th 000 0 tha d
050 04 HQ503^bพ323ค 2549
100 0  พระจรินทร์ อาภสฺสโร
245 10 คำเดียวสั้นๆที่เรียกว่า"แม่" /^cพระจรินทร์ อาภสฺสโร
250    พิมพ์ครั้งที่ 2
260    เชียงใหม่ :^bวัดอุโมงค์(สวนพุทธธรรม),^c2549
300    150 หน้า
650  7 แม่^xแง่ศาสนา
945    ^p0^l0^i021112
945    ^p0^l0^i021113
945    ^p0^l0^i023263
945    ^p0^l0^i023264
945    ^p0^l0^i025732
995    ทศพร
999 ^a ใช้งานได้ทุกระบบ
รายการนี้ยังไม่มีแท็ก
คุณยังไม่ได้ล็อกอิน คุณสามารถมีกิจกรรมร่วมกับเว็บไซต์ได้ แต่ต้องล็อกอินก่อน ::
  ล็อกอิน

รายการสื่อสารสนเทศ

ลำดับที่ ประเภท เลขเรียก/บาร์โค้ด สถานที่ สถานะ
- ไม่พบข้อมูล -

BibComment


ยังไม่เคยถูกคอมเมนท์

คอมเมนท์ทรัพยากรรายการนี้
  คอมเมนท์: คำเดียวสั้นๆที่เร..


 Copyright 2026. Bcnsprnw @Library